Elementary survey sampling (Record no. 13506)
[ view plain ]
| 000 -LEADER | |
|---|---|
| fixed length control field | 00582nam a2200193Ia 4500 |
| 001 - CONTROL NUMBER | |
| control field | 12764 |
| 008 - FIXED-LENGTH DATA ELEMENTS--GENERAL INFORMATION | |
| fixed length control field | 140401s9999 xx 000 0 und d |
| 020 ## - INTERNATIONAL STANDARD BOOK NUMBER | |
| International Standard Book Number | 0-534-24342-8 |
| 040 ## - CATALOGING SOURCE | |
| Transcribing agency | PK-LaUMT |
| 082 ## - DEWEY DECIMAL CLASSIFICATION NUMBER | |
| Classification number | 519.52 |
| Item number | SCH-E |
| 100 ## - MAIN ENTRY--PERSONAL NAME | |
| Personal name | Mendenhall III, William, J.T.; (Ott, Lyman), J.T. |
| 245 ## - TITLE STATEMENT | |
| Title | Elementary survey sampling |
| Statement of responsibility, etc | Mendenhall III, William, J.T.; (Ott, Lyman), J.T.<>Scheaffer, Richard L. |
| 260 ## - PUBLICATION, DISTRIBUTION, ETC. (IMPRINT) | |
| Place of publication, distribution, etc | Belmont,USA: |
| Name of publisher, distributor, etc | Duxbury Press, |
| Date of publication, distribution, etc | 1996 |
| 300 ## - PHYSICAL DESCRIPTION | |
| Extent | 501 p. |
| 546 ## - LANGUAGE NOTE | |
| Language note | EN |
| 650 ## - SUBJECT ADDED ENTRY--TOPICAL TERM | |
| Topical term or geographic name as entry element | Sampling(Statistics) |
| 700 ## - ADDED ENTRY--PERSONAL NAME | |
| Personal name | Scheaffer, Richard L. |
| 942 ## - ADDED ENTRY ELEMENTS (KOHA) | |
| Koha item type | Books |
| Withdrawn status | Lost status | Damaged status | Not for loan | Home library | Current library | Date acquired | Total Checkouts | Full call number | Barcode | Date last seen | Price effective from | Koha item type |
|---|---|---|---|---|---|---|---|---|---|---|---|---|
| UMT Main Campus | UMT Main Campus | 2014-04-01 | 519.52 SCH-E | 14717 | 2014-04-21 | 2014-04-21 | Books |
